Gassin - Choix multiples - Statistiques

Statistiques générales
  • Ce quiz a été pris 4 fois
  • Le résultat moyen est 6 sur 10
Statistiques - réponses
Question Réponse % Correct
Quelle arme est essentiellement fabriquée dans une usine implantée à Gassin depuis 1912 ? La torpille
100%
Quel acteur de cinéma est décédé à l'hôpital de Gassin, le 8 septembre 2005, à la suite d'un accident de la circulation ? André Pousse
75%
Parmi les communes suivantes, laquelle n'est pas limitrophe de Gassin ? Sainte-Maxime
75%
Parmi les images suivantes, pouvez-vous reconnaître celle qui a été prise à Gassin ?
50%
Quel cinéaste associé au mouvement "Nouvelle Vague" a partiellement tourné le film "La Collectionneuse" à Gassin, notamment au Mas de Chastelas, en 1967 ? Éric Rohmer
50%
Jadis l'église de Gassin avait reconstitué le site d'un miracle. Cette reproduction disparut lors du réaménagement de l'église après Vatican II. Quel site y avait été reproduit ? La grotte de Lourdes
50%
Dans quel film du Gendarme de Saint-Tropez, l'adjudant Gerber envoie Cruchot avec l'un de ses subordonnés en patrouille de la Pinède jusqu'à Gassin ? Le Gendarme et les extra-terrestres
50%
Le Mas de Chastelas de Gassin est une ancienne magnanerie où se pratiquait la sériciculture. Quel insecte est élevé dans une magnanerie ? Le ver à soie
50%
Laquelle des propositions suivantes n'est pas caractéristique de la tortue d'Hermann, animal dont l'habitat s'étend sur la commune de Gassin ? On trouve également des tortues d'Hermann dans les Pyrénées.
50%
Parmi les propositions suivantes relatives à la cloche Laurens de l'église de Gassin, laquelle est exacte ? Elle a survécu à la révolution française
25%
Aucun quiz correspondant
Distribution des résultats
% des personnes avec chaque résultat
Percentile par nombre de réponses
Votre historique - résultats
Vous n’avez pas pris ce quiz